Top 50 Video Games of the 2010's - Statistics

General Stats
  • This quiz has been taken 4 times
  • The average score is 20 of 50
Answer Stats
Position Developer Answer % Correct
12. Santa Monica Studio God of War
100%
4. Rockstar Games Grand Theft Auto V
100%
24. Kojima Productions Metal Gear Solid V: The Phantom Pain
100%
20. Mojang/Microsoft Minecraft
100%
10. Rockstar Games Red Dead Redemption
100%
3. Rockstar Games Red Dead Redemption 2
100%
7. Bethesda The Elder Scrolls V: Skyrim
100%
2. Nintendo The Legend of Zelda: Breath of the Wild
100%
32. Naughty Dog Uncharted 3: Drake's Deception
100%
27. Naughty Dog Uncharted 4: A Thief's End
100%
13. Rocksteady Studios Batman: Arkham City
67%
31. Santa Monica Studio God of War III
67%
41. Nintendo Mario Kart 8 Deluxe
67%
6. Bioware Mass Effect 2
67%
47. Blizzard Overwatch
67%
5. Nintendo Super Mario Odyssey
67%
39. BANDAI NAMCO Super Smash Bros. for Nintendo 3DS and Wii U
67%
28. Sora Ltd/Bandai Namco Super Smash Bros. Ultimate
67%
8. Naughty Dog The Last of Us
67%
9. Naughty Dog The Last of Us Remastered
67%
35. CD Projekt The Witcher 3: Wild Hunt
67%
44. CD Projekt Red The Witcher 3: Wild Hunt - Blood and Wine
67%
15. Irrational Games Bioshock Infinite
33%
33. FromSoftware Bloodborne
33%
17. Larian Studios Divinity: Original Sin II
33%
38. Larian Studios Divinity: Original Sin II - Definitive Edition
33%
1. Nintendo Super Mario Galaxy 2
33%
14. Nintendo The Legend of Zelda: Ocarina of Time 3D
33%
48. PlatinumGames Bayonetta 2
0%
34. Maddy Makes Games Celeste
0%
49. Square Enix Dragon Quest XI
0%
37. Intelligent Systems Fire Emblem Awakening
0%
50. Playground Games Forza Horizon 3
0%
30. Playground Games Forza Horizon 4
0%
29. Playdead INSIDE
0%
40. Thatgamecompany Journey
0%
46. Media Molecule LittleBigPlanet 2
0%
23. BioWare Mass Effect 3
0%
43. Out of the Park Developments Out of the Park Baseball 17
0%
16. NAMCO BANDAI Pac-Man Championship Edition DX
0%
21. ATLUS Persona 4 Golden
0%
22. ATLUS Persona 5
0%
11. Valve Portal
0%
45. Ubisoft Rayman Legends
0%
26. Harmonix Rock Band 3
0%
19. Blizzard Starcraft II: Wings of Liberty
0%
18. Nintendo Super Mario 3D World
0%
42. Bluepoint Games The ICO & Shadow of the Colossus Collection
0%
25. Nintendo The Legend of Zelda: Skyward Sword
0%
36. Toby Fox Undertale
0%
No matching quizzes found
Score Distribution
Percent of People with Each Score
Percentile by Number Answered
Your Score History
You have not taken this quiz